000 00409nam a2200157Ia 4500
008 210716s2006 xx 000 0 und d
020 _a1584885262
041 _aeng
082 _a006.321 NGUH
100 _aNguyen, Hung T;Walker, Elbert A.
245 _aFirst course in fuzzy logic.
250 _a3
260 _aLondon
_bChapman & Hall/crc
_c2006
300 _ax,430
650 _aNeural Networks(006.32)
999 _c189604
_d189604